Matemáticas para la Educación Normal: guía para el aprendizaje y enseñanza de la aritmética
Saved in:
| Main Authors: | , , , , , |
|---|---|
| Format: | Bog |
| Sprog: | spansk |
| Udgivet: |
Cuernavaca
Pearson
2013
|
| Fag: | |
| Tags: |
Tilføj Tag
Ingen Tags, Vær først til at tagge denne postø!
|
MARC
| LEADER | 00000cam a2200000 a 4500 | ||
|---|---|---|---|
| 001 | UCF5171 | ||
| 003 | CL-VaPUC | ||
| 008 | 130117e20130000MX |||||||||||||||||spa|d | ||
| 020 | |a 9786073216357 | ||
| 082 | 0 | 4 | |a 372.7 |b CED |2 21 |
| 100 | |a Cedillo Ávalos, Tenoch Esaú |e author |9 567198 | ||
| 700 | |a Isoda, Masami |e author |9 604748 | ||
| 700 | 0 | |a Chalini, Antonio |e author |9 566939 | |
| 700 | 0 | |a Cruz, Valentín |e author |9 566940 | |
| 700 | 0 | |a Ramírez, María Eugenia |e author |9 566941 | |
| 700 | 0 | |a Vega, Enrique |e author |9 566942 | |
| 245 | 1 | 0 | |a Matemáticas para la Educación Normal: guía para el aprendizaje y enseñanza de la aritmética |
| 300 | |a 146 p | ||
| 942 | |c BK | ||
| 945 | |d 20130117 00:00:00 |a dcastane | ||
| 260 | |a Cuernavaca |b Pearson |c 2013 | ||
| 650 | 0 | |a Matemáticas |x Enseñanza |9 875527 | |
| 650 | 0 | |a Aritmética |9 270049 | |
| 650 | 0 | |a Métodos de enseñanza |9 270413 | |
| 583 | |a last modification |c 20130117 11:37:00 |k Rodrigo Vera | ||
| 999 | |c 350770 |d 350768 | ||